000 00881nam a22002777a 4500
001 22166
005 20260407104543.0
008 260331b |||||||| |||| 00| 0 spa d
022 _a3119768X
041 _aESP
082 _aHR 348 MAR 2026
_bPLP
100 _a,
110 _aGrupo Praxis
245 _aPraxis laboral & procesal laboral
260 _aLima :
_bGrupo Praxis,
_c2026
300 _a256 páginas :
_bcuadros, gráficos ;
_c25 cm.
440 _aDerecho laboral
505 _aNúmero 2, marzo 2026
650 _aCIS
653 _aDerecho; Derecho laboral
654 _aCDE
700 _a;
856 _uhttps://zonadelsuscriptor.praxisperu.pe/biblioteca/public/library.php
_zVersión digital
856 _uhttps://itmsp.museknowledge.com/UCSP?groupID=2&action=source&sourceID=vLex_IP
_zVéase además: Base de datos Vlex
942 _cREV
_dJUS
_fTRC
_n0
_2ddc
999 _c22166
_d22166